| 000 | 00643nam a22002057a 4500 | ||
|---|---|---|---|
| 999 |
_c17720 _d17720 |
||
| 003 | AR-CdUCM | ||
| 008 | 190509b ||||| |||| 00| 0 spa d | ||
| 040 |
_aMUNICIPALIDAD PROVINCIAL DEL CUSCO _cBIBLIOTECA MUNICIPAL DEL CUSCO |
||
| 082 |
_a869.56 / _bP43 |
||
| 100 |
_aPereira Fernández, Percy _937869 |
||
| 245 |
_aLa noche termina aquí : _bRelatos / |
||
| 260 |
_aLima : _bMedios de Comunicación Editores, _c1989. |
||
| 300 |
_a77 paginas ; _c21 cm. |
||
| 505 | _aContenido : Cuentos / | ||
| 650 |
_aLiteratura peruana _9169 |
||
| 650 |
_aCuentos _9217 |
||
| 650 |
_aSiglo XX _98 |
||
| 942 |
_2ddc _cLIBROS |
||
| 945 |
_arjall _d2019-05-09 |
||